LEADER 01669oam 2200481zu 450 001 9910872639503321 005 20241212215039.0 035 $a(CKB)111026746747560 035 $a(SSID)ssj0000396576 035 $a(PQKBManifestationID)12155104 035 $a(PQKBTitleCode)TC0000396576 035 $a(PQKBWorkID)10342659 035 $a(PQKB)11027873 035 $a(EXLCZ)99111026746747560 100 $a20160829d1998 uy 101 0 $aeng 181 $ctxt 182 $cc 183 $acr 200 10$aFifth International Workshop on Temporal Representation and Reasoning : proceedings : Sanibel Island, Florida, May 16-17, 1998 210 31$a[Place of publication not identified]$cIEEE Computer Society$d1998 300 $aBibliographic Level Mode of Issuance: Monograph 311 08$a9780818684739 311 08$a0818684739 606 $aTemporal databases$xCongresses 606 $aArtificial intelligence$vCongresses 606 $aReasoning$vCongresses 606 $aComputer Science$2HILCC 606 $aEngineering & Applied Sciences$2HILCC 615 0$aTemporal databases$xCongresses. 615 0$aArtificial intelligence 615 0$aReasoning 615 7$aComputer Science 615 7$aEngineering & Applied Sciences 676 $a006.3/33 702 $aKhatib$b Lina 702 $aMorris$b Robert 712 12$aInternational Workshop on Temporal Representation and Reasoning. 801 0$bPQKB 906 $aPROCEEDING 912 $a9910872639503321 996 $aFifth International Workshop on Temporal Representation and Reasoning : proceedings : Sanibel Island, Florida, May 16-17, 1998$92375918 997 $aUNINA